Blonde - Album (Frank Ocean) - Statistics

General Stats
  • This quiz has been taken 353 times
  • The average score is 13 of 17
Answer Stats
# Title % Correct
2. Ivy
94%
5. Solo
92%
10. (Reprise) Solo
92%
14. White Ferrari
90%
1. Nikes
89%
3. Pink + White
89%
9. Nights
84%
15. Seigfried
84%
7. Self Control
81%
16. Godspeed
77%
12. Facebook Story
75%
17. Futura Free
72%
6. Skyline To
72%
4. Be Yourself
67%
8. Good Guy
62%
13. Close To You
58%
11. Pretty Sweet
57%
No matching quizzes found
Score Distribution
Percent of People with Each Score
Percentile by Number Answered
Your Score History
You have not taken this quiz